000
00346nam a2200145Ia 4500
003
OSt
005
20231230085957.0
008
170524s9999 xx 000 0 und d
020
_a
9781412951951
040
_c
iimt university meerut
100
_a
KETTNER- PETER M
245
0
_a
DESIGNING AND MANAGING PROGRAMS
260
_b
SAGE
942
_2
ddc
_c
02
999
_c
8325
_d
8325